Les Nuages, du tournant des Lumières au crépuscule du romantisme : (1760-1880) (notice n° 1775853)
[ vue normale ]
| 000 -LEADER | |
|---|---|
| fixed length control field | 01515cam a2200145 4500500 |
| 005 - DATE AND TIME OF LATEST TRANSACTION | |
| control field | 20260322012824.0 |
| 041 ## - LANGUAGE CODE | |
| Language code of text/sound track or separate title | fre |
| 042 ## - AUTHENTICATION CODE | |
| Authentication code | dc |
| 100 10 - MAIN ENTRY--PERSONAL NAME | |
| Personal name | Glaudes, Pierre |
| Relator term | author |
| 245 00 - TITLE STATEMENT | |
| Title | Les Nuages, du tournant des Lumières au crépuscule du romantisme : (1760-1880) |
| 260 ## - PUBLICATION, DISTRIBUTION, ETC. | |
| Name of publisher, distributor, etc. | Hermann,<br/> |
| Date of publication, distribution, etc. | 2017.<br/> |
| 520 ## - SUMMARY, ETC. | |
| Summary, etc. | Les nuages sont aujourd’hui au cœur du débat sur le réchauffement climatique ; les sciences et technologies de l’information et de la communication inventent l’« informatique en nuage » ; les « chasseurs de nuages » soumettent leurs clichés à la Cloud Appreciation Society. Le nuage est résolument moderne.Suivant les voies ouvertes par Michel Serres et Hubert Damisch, littéraires, philosophes, historiens des sciences, de l’art, de la musique, et une géographe-climatologue ici rassemblés abordent la question du nuage à un moment-clé de l’histoire occidentale : celui qui, du tournant des Lumières au crépuscule du romantisme, ouvre la modernité. S’y révèlent le double mouvement de laïcisation de la pensée et de permanence de l’irrationnel ou du mythe, le brouillage entre le sujet et le monde, et le travail des penseurs comme des artistes – écrivains, peintres, musiciens –, pour appréhender, dire et représenter ce qui échappe. |
| 700 10 - ADDED ENTRY--PERSONAL NAME | |
| Personal name | Vasak, Anouchka |
| Relator term | author |
| 856 41 - ELECTRONIC LOCATION AND ACCESS | |
| Uniform Resource Identifier | <a href="https://stm.cairn.info/les-nuages-du-tournant-des-lumieres-au-crepuscule-du-romantisme-1760-1880--9782705694753?lang=fr&redirect-ssocas=7080">https://stm.cairn.info/les-nuages-du-tournant-des-lumieres-au-crepuscule-du-romantisme-1760-1880--9782705694753?lang=fr&redirect-ssocas=7080</a> |
Pas d'exemplaire disponible.




Réseaux sociaux